Задачи всероссийских студенческих олимпиад по теории вероятностей и математической статистике: учебное пособие

Dades bibliogràfiques
Autor principal: Репин О. А. Олег Александрович
Altres autors: Суханова Е. И. Елена Ивановна, Ширяева Л. К. Людмила Константиновна
Sumari:Основу книги составляют задачи, предлагавшиеся студентам экономических специальностей на Всероссийских олимпиадах по теории вероятностей и математической статистике, которые проводились в 1999-2008 гг. в Самарском государственном экономическом университете. Представлены подробные решения всех олимпиадных заданий. Издание содержит дополнительные задачи с ответами, которые можно использовать для подготовки к олимпиадам, а также для более качественного усвоения курса «Теория вероятностей и математическая статистика». Для студентов, аспирантов, преподавателей, а также всех интересующихся теорией вероятностей и математической статистикой.
Idioma:rus
Publicat: СПб., Лань, 2011
Edició:2-е изд., перераб. и доп.
Col·lecció:Учебники для вузов. Специальная литература
Matèries:
Format: MixedMaterials Llibre
KOHA link:https://koha.lib.tpu.ru/cgi-bin/koha/opac-detail.pl?biblionumber=186106

MARC

LEADER 00000nam0a2200000 4500
001 186106
005 20231101223947.0
010 |a 9785811411139 
035 |a (RuTPU)RU\TPU\book\201929 
090 |a 186106 
100 |a 20101025d2011 m y0rusy50 ca 
101 0 |a rus 
102 |a RU 
105 |a y j 001zy 
200 1 |a Задачи всероссийских студенческих олимпиад по теории вероятностей и математической статистике  |e учебное пособие  |f О. А. Репин, Е. И. Суханова, Л. К. Ширяева 
205 |a 2-е изд., перераб. и доп. 
210 |a СПб.  |c Лань  |d 2011 
215 |a 192 с. 
225 1 |a Учебники для вузов. Специальная литература 
320 |a Библиогр.: с. 184. 
330 |a Основу книги составляют задачи, предлагавшиеся студентам экономических специальностей на Всероссийских олимпиадах по теории вероятностей и математической статистике, которые проводились в 1999-2008 гг. в Самарском государственном экономическом университете. Представлены подробные решения всех олимпиадных заданий. Издание содержит дополнительные задачи с ответами, которые можно использовать для подготовки к олимпиадам, а также для более качественного усвоения курса «Теория вероятностей и математическая статистика». Для студентов, аспирантов, преподавателей, а также всех интересующихся теорией вероятностей и математической статистикой. 
606 1 |a Вероятностей теория и математическая статистика  |2 stltpush  |3 (RuTPU)RU\TPU\subj\2260  |9 30847 
610 1 |a математические олимпиады 
610 1 |a Всероссийская студенческая олимпиада 
610 1 |a задачи 
610 1 |a решения 
610 1 |a учебные пособия 
675 |a 519.2(076)  |v 3 
700 1 |a Репин  |b О. А.  |g Олег Александрович 
701 1 |a Суханова  |b Е. И.  |g Елена Ивановна 
701 1 |a Ширяева  |b Л. К.  |g Людмила Константиновна 
801 1 |a RU  |b 63413507  |c 20101025 
801 2 |a RU  |b 63413507  |c 20171013  |g RCR 
942 |c BK 
959 |a 73/20101021  |d 5  |e 0  |f АНЛ:1  |f ЧЗТЛ:1  |f УФ:3 
959 |a 29/20110303  |d 5  |e 0  |f АНЛ:1  |f ЧЗТЛ:1  |f УФ:3